LEGO Series 10 Minifigures by Picture - Statistics

General Stats
  • This quiz has been taken 16 times
  • The average score is 10 of 17
Answer Stats
Picture Answer % Correct
Bumblebee Girl
100%
Decorator
86%
Medusa
86%
Grandpa
79%
Tomahawk Warrior
71%
Motorcycle Mechanic
64%
Roman Commander
64%
Librarian
57%
Mr Gold
57%
Skydiver
57%
Warrior Woman
57%
Sad Clown
50%
Revolutionary Soldier
43%
Sea Captain
43%
Paintball Player
36%
Trendsetter
36%
Baseball Fielder
29%
No matching quizzes found
Score Distribution
Percent of People with Each Score
Percentile by Number Answered
Your Score History
You have not taken this quiz